Gabriela Mistral
Tallennettuna:
| Päätekijät: | , |
|---|---|
| Aineistotyyppi: | Kirja |
| Kieli: | espanja |
| Julkaistu: |
San José
Ministerio de Cultura, Juventud y Deportes
1977
|
| Painos: | 1a. ed |
| Sarja: | Pensamiento de América, 9
|
| Aiheet: | |
| Tagit: |
Lisää tagi
Ei tageja, Lisää ensimmäinen tagi!
|
MARC
| LEADER | 00000cam a2200000 a 4500 | ||
|---|---|---|---|
| 001 | UCD6782 | ||
| 003 | CL-VaPUC | ||
| 005 | 20241016095656.0 | ||
| 008 | 170119e19770000cr |||||||||||||||||spa|d | ||
| 999 | |c 366963 |d 366961 | ||
| 040 | |c Pontificia Universidad Católica de Valparaíso | ||
| 082 | 0 | 4 | |a Ch861.9 |b GAR |2 21 |
| 100 | |a Garreaud, Lelia |e author |9 590597 | ||
| 245 | 1 | 0 | |a Gabriela Mistral |
| 250 | |a 1a. ed | ||
| 260 | |a San José |b Ministerio de Cultura, Juventud y Deportes |c 1977 | ||
| 300 | |a 230 p | ||
| 490 | 0 | |a Pensamiento de América, 9 | |
| 583 | |a last modification |c 20170119 14:29:00 |k Rodrigo Vera | ||
| 600 | 0 | |a Mistral, Gabriela, |d 1889-1957 |e autora |q Godoy Alcayaga, Lucila |9 866296 | |
| 650 | 0 | |a Poetas chilenos |9 326722 | |
| 650 | 0 | |a Poesía chilena |9 268403 | |
| 650 | 0 | |a Biografías |9 255210 | |
| 700 | 0 | |a Céspedes, Mario |e author |9 590598 | |
| 942 | |c BK |2 ddc | ||
| 945 | |d 20170119 14:29:00 |a dcastane | ||
| 952 | |0 0 |1 0 |3 erb |4 0 |6 CH_861_900000000000000_GAR_1977 |7 0 |8 A |9 481636 |a BIBEDU |b BIBEDU |i 5360951 |l 3 |o Ch861.9 GAR 1977 |p 5360951 |r 2022-05-19 |s 2022-05-18 |w 2019-11-24 |y BK |z Catalogado en:20170119 |k EPE | ||